Statistiques concernant Chaîne de mots "Marques " #2 Moyen

Cliquez ici pour prendre le quiz!

Statistiques générales

  • Ce quiz a été pris 347 fois
    (343 depuis la dernière actualisation)
  • Le résultat moyen est 18 sur 30

Statistiques - réponses

QuestionsMarques% Correct
Concurrent direct de Coca-ColaPepsi
99%
Fast-food faisant les tenders de pouletsKFC
88%
Marque de sac a dos qu'on prend a partir du collègeEastpak
86%
Barre chocolatée, dont le nom évoque un mois ou une planèteMars
84%
Marque de dictionnaireLarousse
82%
On le crie quand il nous reste qu'une seule carteUno
81%
Console de jeuXbox
79%
Canoë, ou site internet pour vols, hôtels et restaurantsKayak
77%
_ _ _ _ _ _ _ _ _ _ le sport commence iciIntersport
73%
Poudre chocolatée pour petit-déjeuner en 8 lettresNesquik
73%
Marque de moto.. et de pianoYamaha
73%
Marque de voiture française dont le nom sonne allemandCitroën
69%
Le TGV n° 8447 en provenance de Lille Europe, et à destination de Lyon entrera en gare voie KSNCF
69%
Le saucisson avec son prénom et son nomJustin Bridou
67%
Plateforme de commerce en ligne créée en 1995EBay
66%
Si tu gagnes au loto, c'est eux que tu dois contacter en premierFDJ
66%
Logo vert avec 3 barres noires arrondiesSpotify
64%
Les femmes en mettent un pour ce protégerTampax
59%
On sort ce couteau de notre poche si on en a besoinOpinel
57%
Concurrent de celui du dessusYoutube
46%
Le téléphone à la finlandaiseNokia
44%
Antivirus sur ordiNordVPN / Norton
43%
_ _ _ _ _ _ _ avec vous de _ à _Allianz
39%
Bonbons multicolores dont le goût est aciduléArlequin
39%
Vin du sud de l'EspagneXeres
37%
Briquets tempêtesZippo
36%
Bijoutier de luxeSwarovski
31%
Constructeur de moto autrichienKTM
29%
Sécurise votre ascenseurOtis
26%
Constructeur italien de véhicules industriels et autocarIveco
13%

Distribution des résultats

Percentile par nombre de réponses

% des personnes avec chaque résultat

Votre développement - résultats

Vous n’avez pas pris ce quiz depuis la dernière actualisation